00552nai a2200181Ia 4500003000900000008004100009022002100050022002200071040001600093245004500109260001600154310001100170362002600181521003500207650003000242650002100272856007700293IN-BaIIA211028c9999 xx s 000 0 eng d a09598138 (Print) a17561833 (Online) cIIA Library 0aBMJ: British Medical Journalh[eJournal] aLondonbBMJ aWeekly a297; 1988 - 356; 2017 bSubscribed through IIA Library a Medicine & Allied Health aHealth Sciences  uhttps://www.jstor.org/journal/bmjbritmedjyClick Here to Access eJournal